Movies Quiz

Random Movies or Color Quiz

Movies by Color Barcode Quiz Stats

 Plays Quiz Updated Aug 4, 2017

Support Sporcle.
Go Orange.
Score 0/8 Timer 03:00
6 Plays Today
% Correct
The Matrix
82.7%
Mad Max: Fury Road
81.2%
Clerks
76.9%
Aladdin
74.3%
Frozen
73.4%
Hero
64.8%
Blade Runner
63%
Finding Nemo
62%

You're not logged in!

Compare scores with friends on all Sporcle quizzes.
OR
Log In
Forgot?

From the Vault

'A' Countries on a Map

by RobPro

These countries are used to being on top...of the alphabet, that is.
Remove Ads.
Support Sporcle.
Get the best of Sporcle when you Go Orange. This ad-free experience offers more features, more stats, and more fun while also helping to support Sporcle. Thank you for becoming a member.

Show Comments

Extras

Top Quizzes Today


Score Distribution

Your Account Isn't Verified!

In order to create a playlist on Sporcle, you need to verify the email address you used during registration. Go to your Sporcle Settings to finish the process.

Report this User

Report this user for behavior that violates our Community Guidelines.

Details: